000 01079cam a22003377a 4500
003 CHAP
005 20220817041049.0
008 971013s1991 r 00010 d
010 _a5661
011 _a6633
035 _a5854
040 _cCHAP
082 _a634.13
_bF8
100 0 0 _aFundación " la Caixa".
245 1 3 _aEl peral y el nashi
260 _aBarcelona :
_bAedos,
_c1991
300 _a93 p.
_b: ilus. ; gráfs.
500 _a59-50
590 _aBATCH-UPD
_b10
_c20130110
_lUCH01
_h0159
590 _aBATCH-UPD
_b10
_c20130110
_lUCH01
_h2114
590 _aBATCH-UPD
_b10
_c20130409
_lUCH01
_h2205
590 _aBATCH-UPD
_b10
_c20130914
_lUCH01
_h1450
590 _aCONVERSION
_b10
_c20130109
_lUCH01
_h1304
650 1 4 _aPera.
_986959
650 1 4 _aPyrus pyrifolia.
_993103
901 _aBK
942 _cLIBRO
949 _a634.13 F8
_bBC
_cLIBRO
_d33724000203824
_eLIBRO
_fc.3
_h82204
_i5854
_si
_t72.00
949 _a634.13 F8
_bBC
_cLIBRO
_d33724000203832
_eLIBRO
_h82202
_i5854
_si
_t72.00
949 _a634.13 F8
_bBC
_cLIBRO
_d33724000203840
_eLIBRO
_fc.2
_h82203
_i5854
_si
_t72.00
999 _c5661
_d5661